The political economy of reforms in Egypt : (Record no. 26843)
[ view plain ]
| 000 -LEADER | |
|---|---|
| fixed length control field | 01173cam a22003375a 4500 |
| 001 - CONTROL NUMBER | |
| control field | 20432744 |
| 003 - CONTROL NUMBER IDENTIFIER | |
| control field | EG-ScBUE |
| 005 - DATE AND TIME OF LATEST TRANSACTION | |
| control field | 20220208094057.0 |
| 008 - FIXED-LENGTH DATA ELEMENTS--GENERAL INFORMATION | |
| fixed length control field | 180404t2018 ua a f b 001 0 eng d |
| 020 ## - INTERNATIONAL STANDARD BOOK NUMBER | |
| International Standard Book Number | 9789774167942 |
| 040 ## - CATALOGING SOURCE | |
| Original cataloging agency | DLC |
| Language of cataloging | eng |
| Description conventions | rda |
| Transcribing agency | DLC |
| Modifying agency | EG-ScBUE |
| -- | EG-ScBUE |
| 043 ## - GEOGRAPHIC AREA CODE | |
| Geographic area code | f-ua--- |
| 082 04 - DEWEY DECIMAL CLASSIFICATION NUMBER | |
| Classification number | 330.0962 |
| Item number | IKR |
| Edition number | 22 |
| 100 1# - MAIN ENTRY--PERSONAL NAME | |
| Personal name | Ikram, Khalid, |
| Dates associated with a name | 1938- |
| Relator term | author. |
| 9 (RLIN) | 27350 |
| 245 14 - TITLE STATEMENT | |
| Title | The political economy of reforms in Egypt : |
| Remainder of title | issues and policymaking since 1952 / |
| Statement of responsibility, etc | Khalid Ikram. |
| 264 #1 - PUBLICATION, DISTRIBUTION, ETC. (IMPRINT) | |
| Place of publication, distribution, etc | Cairo ; |
| -- | New York : |
| Name of publisher, distributor, etc | The American University in Cairo Press, |
| Date of publication, distribution, etc | [2018] |
| 264 #4 - PUBLICATION, DISTRIBUTION, ETC. (IMPRINT) | |
| Date of publication, distribution, etc | c2018 |
| 300 ## - PHYSICAL DESCRIPTION | |
| Extent | xx, 428 pages : |
| Other physical details | illustrations ; |
| Dimensions | 24 cm |
| 336 ## - CONTENT TYPE | |
| Source | rdacontent |
| Content type term | text |
| Content type code | txt |
| 337 ## - MEDIA TYPE | |
| Source | rdamedia |
| Media type term | unmediated |
| Media type code | n |
| 338 ## - CARRIER TYPE | |
| Source | rdacarrier |
| Carrier type term | volume |
| Carrier type code | nc |
| 504 ## - BIBLIOGRAPHY, ETC. NOTE | |
| Bibliography, etc | Includes bibliographical references and index. |
| 650 #7 - SUBJECT ADDED ENTRY--TOPICAL TERM | |
| Topical term or geographic name as entry element | Economics |
| Geographic subdivision | Egypt. |
| Source of heading or term | BUEsh |
| 650 #7 - SUBJECT ADDED ENTRY--TOPICAL TERM | |
| Topical term or geographic name as entry element | Economic development |
| Geographic subdivision | Egypt. |
| Source of heading or term | BUEsh |
| 651 #7 - SUBJECT ADDED ENTRY--GEOGRAPHIC NAME | |
| Geographic name | Egypt |
| General subdivision | Economic conditions. |
| Source of heading or term | BUEsh |
| 9 (RLIN) | 27436 |
| 651 #7 - SUBJECT ADDED ENTRY--GEOGRAPHIC NAME | |
| Geographic name | Egypt |
| General subdivision | Economic policy. |
| Source of heading or term | BUEsh |
| 653 ## - INDEX TERM--UNCONTROLLED | |
| Resource For college | BAEPS, Economics |
| Arrived date list | September2018 |
| -- | February2019 |
| 655 ## - INDEX TERM--GENRE/FORM | |
| Form subdivision | Text book |
| 9 (RLIN) | 33728 |
| 942 ## - ADDED ENTRY ELEMENTS (KOHA) | |
| Source of classification or shelving scheme | Dewey Decimal Classification |
| Koha item type | Book - Borrowing |
| Withdrawn status | Lost status | Source of classification or shelving scheme | Damaged status | Not for loan | Collection code | Home library | Current library | Shelving location | Date acquired | Source of acquisition | Total Checkouts | Total Renewals | Full call number | Barcode | Checked out | Date last seen | Date checked out | Koha item type | Price effective from | Cost, normal purchase price | Cost, replacement price |
|---|---|---|---|---|---|---|---|---|---|---|---|---|---|---|---|---|---|---|---|---|---|
| Dewey Decimal Classification | Baccah | Central Library | Central Library | First floor | 02/09/2018 | Purchase | 1 | 14 | 330.0962 IKR | 000043456 | 01/06/2024 | 06/09/2018 | 06/09/2018 | Book - Borrowing | |||||||
| Dewey Decimal Classification | Baccah | Central Library | Central Library | First floor | 02/09/2018 | Purchase | 2 | 3 | 330.0962 IKR | 000043457 | 23/03/2019 | 20/02/2019 | 20/02/2019 | Book - Borrowing | |||||||
| Dewey Decimal Classification | Baccah | Central Library | Central Library | First floor | 02/09/2018 | Purchase | 330.0962 IKR | 000043455 | 15/07/2025 | NB - Book (Non borrowing) | 02/09/2018 | ||||||||||
| Dewey Decimal Classification | Baccah | Central Library | Central Library | First floor | 21/02/2019 | Purchase | 10 | 20 | 330.0962 IKR | 000044296 | 28/04/2026 | 20/04/2026 | Book - Borrowing | 350.00 | 437.50 | ||||||
| Dewey Decimal Classification | AUC | Central Library | Central Library | First floor | 08/02/2022 | Purchase | 9 | 26 | 330.0962 IKR | 000056127 | 30/04/2026 | 19/04/2026 | Book - Borrowing | 08/02/2022 | 520.00 | 650.00 | |||||
| Dewey Decimal Classification | AUC | Central Library | Central Library | First floor | 08/02/2022 | Purchase | 4 | 37 | 330.0962 IKR | 000056129 | 14/05/2026 | 31/03/2026 | Book - Borrowing | 08/02/2022 | 520.00 | 650.00 |